<?xml version="1.0" encoding="UTF-8"?>
<record
    xmlns:xsi="http://www.w3.org/2001/XMLSchema-instance"
    xsi:schemaLocation="http://www.loc.gov/MARC21/slim http://www.loc.gov/standards/marcxml/schema/MARC21slim.xsd"
    xmlns="http://www.loc.gov/MARC21/slim">

  <leader>04075nam a2200493 i 4500</leader>
  <controlfield tag="001">124805</controlfield>
  <controlfield tag="003">FINmELB</controlfield>
  <controlfield tag="005">20241217175745.0</controlfield>
  <controlfield tag="006">m     o  u        </controlfield>
  <controlfield tag="007">cr cn|||||||||</controlfield>
  <controlfield tag="008">220519s2019    ck     fob    001 0 spa d</controlfield>
  <datafield tag="020" ind1=" " ind2=" ">
    <subfield code="a">9789585456457</subfield>
    <subfield code="q">(digital)</subfield>
  </datafield>
  <datafield tag="020" ind1=" " ind2=" ">
    <subfield code="z">9789585456457</subfield>
    <subfield code="q">(impreso)</subfield>
  </datafield>
  <datafield tag="035" ind1=" " ind2=" ">
    <subfield code="a">(OCoLC)1319738225</subfield>
  </datafield>
  <datafield tag="040" ind1=" " ind2=" ">
    <subfield code="a">FINmELB</subfield>
    <subfield code="b">spa</subfield>
    <subfield code="e">rda</subfield>
    <subfield code="c">FINmELB</subfield>
  </datafield>
  <datafield tag="050" ind1=" " ind2="4">
    <subfield code="a">K3740</subfield>
    <subfield code="b">.S558 2019</subfield>
  </datafield>
  <datafield tag="082" ind1="0" ind2="4">
    <subfield code="a">344.069861</subfield>
    <subfield code="2">23</subfield>
  </datafield>
  <datafield tag="100" ind1="1" ind2=" ">
    <subfield code="a">Silva Tenorio, John Fredy,</subfield>
    <subfield code="e">autor.</subfield>
  </datafield>
  <datafield tag="245" ind1="1" ind2="0">
    <subfield code="a">Contrataci&#xF3;n estatal :</subfield>
    <subfield code="b">del principio de planeaci&#xF3;n en el sistema de compras p&#xFA;blicas en Colombia : una visi&#xF3;n multidisciplinaria /</subfield>
    <subfield code="c">John Fredy Silva Temorio ; presentaci&#xF3;n Diego Baracaldo Amaya ; pr&#xF3;logo Mart&#xED;n Berm&#xFA;dez Mu&#xF1;oz.</subfield>
  </datafield>
  <datafield tag="264" ind1=" " ind2="1">
    <subfield code="a">Bogot&#xE1; :</subfield>
    <subfield code="b">Universidad Cat&#xF3;lica de Colombia,</subfield>
    <subfield code="c">2019.</subfield>
  </datafield>
  <datafield tag="300" ind1=" " ind2=" ">
    <subfield code="a">1 recurso en l&#xED;nea (155 p&#xE1;ginas)</subfield>
  </datafield>
  <datafield tag="336" ind1=" " ind2=" ">
    <subfield code="a">texto</subfield>
    <subfield code="b">txt</subfield>
    <subfield code="2">rdacontent/spa</subfield>
  </datafield>
  <datafield tag="337" ind1=" " ind2=" ">
    <subfield code="a">computadora</subfield>
    <subfield code="b">c</subfield>
    <subfield code="2">rdamedia/spa</subfield>
  </datafield>
  <datafield tag="338" ind1=" " ind2=" ">
    <subfield code="a">recurso en l&#xED;nea</subfield>
    <subfield code="b">cr</subfield>
    <subfield code="2">rdacarrier/spa</subfield>
  </datafield>
  <datafield tag="490" ind1="1" ind2=" ">
    <subfield code="a">Colecci&#xF3;n Jus p&#xFA;blico ;</subfield>
    <subfield code="v">no. 27</subfield>
  </datafield>
  <datafield tag="504" ind1=" " ind2=" ">
    <subfield code="a">Incluye bibliograf&#xED;a.</subfield>
  </datafield>
  <datafield tag="505" ind1="0" ind2=" ">
    <subfield code="a">Consideraciones preliminares a este estudio.  1. El principio de planeaci&#xF3;n en el sistema de compras p&#xFA;blicas en Colombia.  2. El principio de planeaci&#xF3;n a la luz de la jurisdicci&#xF3;n contenciosa administrativa. 3. El principio de planeaci&#xF3;n en materia de compras p&#xFA;blicas visto a la luz del ejercicio del control fiscal en el ordenamiento jur&#xED;dico colombiano.  4. El principio de planeaci&#xF3;n en materia de compras p&#xFA;blicas visto a la luz del ejercicio de control disciplinario en el ordenamiento jur&#xED;dico colombiano.   5. El princip&#xED;o de planeaci&#xF3;n en materia de compras p&#xFA;blicas visto a la luz del ejercicio del control penal en el ordenamiento jur&#xED;dico colombiano. Conclusiones.</subfield>
  </datafield>
  <datafield tag="520" ind1="3" ind2=" ">
    <subfield code="a">La contrataci&#xF3;n estatal es uno de los temas m&#xE1;s controvertidos y din&#xE1;mico en el sistema jur&#xED;dico colombiano, por lo cual requiere de su an&#xE1;lisis a diario, esto a partir de la normativa que se expide, la interpretaci&#xF3;n que de ella realizan los &#xF3;rganos de cierre en la Jurisdicci&#xF3;n Constitucional y Contenciosa Administrativa, los aportes de la doctrina especializada y las directrices en materia fijadas por parte de las entidades estatales que poseen la competencia para ello. En este escenario los principios del sistema de contrataci&#xF3;n p&#xFA;blica en Colombia, cobran vital importancia, dado que constituyen verdaderas reglas de conducta para los part&#xED;cipes del sistema de las compras p&#xFA;blicas o de la contrataci&#xF3;n estatal, como hasta hace algunos a&#xF1;os se denominaba a la facultad del Estado de comprar y/o adquirir bienes, obras y/o servicios.</subfield>
  </datafield>
  <datafield tag="520" ind1="3" ind2=" ">
    <subfield code="a">El objeto de este estudio es entonces presentarle al lector los elementos constitutivos del principio de planeaci&#xF3;n pero, lo m&#xE1;s importante, es mostrarle que el mismo tiene la vocaci&#xF3;n de evolucionar y convertirse en el n&#xFA;cleo esencial y porque no decirlo, en el pilar fundamental de la contrataci&#xF3;n tal y como la conocemos, teniendo como punto de partida el an&#xE1;lisis que de &#xE9;l han realizado la administraci&#xF3;n de justicia, as&#xED; como los falladores fiscales, disciplinarios y penales.</subfield>
  </datafield>
  <datafield tag="588" ind1=" " ind2=" ">
    <subfield code="a">Descripci&#xF3;n basada en metadatos suministrados por el editor y otras fuentes.</subfield>
  </datafield>
  <datafield tag="590" ind1=" " ind2=" ">
    <subfield code="a">Recurso electr&#xF3;nico. Santa Fe, Arg.: elibro, 2022. Disponible v&#xED;a World Wide Web. El acceso puede estar limitado para las bibliotecas afiliadas a elibro.</subfield>
  </datafield>
  <datafield tag="650" ind1=" " ind2="0">
    <subfield code="a">Public contracts</subfield>
    <subfield code="z">Colombia.</subfield>
  </datafield>
  <datafield tag="650" ind1=" " ind2="4">
    <subfield code="a">Contratos p&#xFA;blicos</subfield>
    <subfield code="z">Colombia.</subfield>
  </datafield>
  <datafield tag="650" ind1=" " ind2="4">
    <subfield code="a">Funci&#xF3;n p&#xFA;blica</subfield>
    <subfield code="z">Colombia.</subfield>
  </datafield>
  <datafield tag="650" ind1=" " ind2="4">
    <subfield code="a">Derecho administrativo</subfield>
    <subfield code="z">Colombia.</subfield>
  </datafield>
  <datafield tag="650" ind1=" " ind2="4">
    <subfield code="a">Administraci&#xF3;n p&#xFA;blica</subfield>
    <subfield code="z">Colombia.</subfield>
  </datafield>
  <datafield tag="650" ind1=" " ind2="4">
    <subfield code="a">Compras oficiales</subfield>
    <subfield code="z">Colombia.</subfield>
  </datafield>
  <datafield tag="650" ind1=" " ind2="4">
    <subfield code="a">Procedimiento administrativo</subfield>
    <subfield code="z">Colombia.</subfield>
  </datafield>
  <datafield tag="700" ind1="1" ind2=" ">
    <subfield code="a">baracaldo Amaya, Dego,</subfield>
    <subfield code="e">presentaci&#xF3;n.</subfield>
  </datafield>
  <datafield tag="700" ind1="1" ind2=" ">
    <subfield code="a">Berm&#xFA;dez Mu&#xF1;oz, Mart&#xED;n,</subfield>
    <subfield code="e">pr&#xF3;logo.</subfield>
  </datafield>
  <datafield tag="797" ind1="2" ind2=" ">
    <subfield code="a">elibro, Corp.</subfield>
  </datafield>
  <datafield tag="830" ind1=" " ind2="0">
    <subfield code="a">Colecci&#xF3;n Jus p&#xFA;blico ;</subfield>
    <subfield code="v">no. 27.</subfield>
  </datafield>
  <datafield tag="856" ind1="4" ind2="0">
    <subfield code="u">https://elibro.net/ereader/politecnicointernacional/197052</subfield>
  </datafield>
  <datafield tag="999" ind1=" " ind2=" ">
    <subfield code="c">124805</subfield>
    <subfield code="d">124805</subfield>
  </datafield>
</record>
